MLB New York Mets Season Home Run Leaders - Statistics

General Stats
  • This quiz has been taken 199 times
    90 since last reset
  • The average score is 32 of 68
Answer Stats
Year Player % Correct
2024 Pete Alonso
98%
2023 Pete Alonso
98%
2022 Pete Alonso
98%
2021 Pete Alonso
98%
2020 Pete Alonso
98%
2019 Pete Alonso
98%
2010 David Wright
93%
2025 Juan Soto
91%
1990 Darryl Strawberry
85%
1988 Darryl Strawberry
85%
1987 Darryl Strawberry
85%
1986 Darryl Strawberry
85%
1984 Darryl Strawberry
85%
2002 Mike Piazza
78%
2001 Mike Piazza
78%
2000 Mike Piazza
78%
1999 Mike Piazza
78%
1998 Mike Piazza
78%
2011 Carlos Beltrán
76%
2007 Carlos Beltrán
76%
2006 Carlos Beltrán
76%
1991 Howard Johnson
62%
1989 Howard Johnson
62%
2015 Lucas Duda
58%
2014 Lucas Duda
58%
1985 Gary Carter
56%
2016 Yoenis Céspedes
55%
2008 Carlos Delgado
53%
2009 Daniel Murphy
47%
2018 Michael Conforto
47%
1971 Cleon Jones
35%
1982 Dave Kingman
35%
1981 Dave Kingman
35%
1976 Dave Kingman
35%
1975 Dave Kingman
35%
2012 Ike Davis
35%
1967 Tommy Davis
35%
2005 Cliff Floyd
33%
2003 Cliff Floyd
33%
1994 Bobby Bonilla
29%
1993 Bobby Bonilla
29%
1992 Bobby Bonilla
29%
Ed Kranepool
29%
1966 Ed Kranepool
29%
Tommie Agee
29%
1970 Tommie Agee
29%
1969 Tommie Agee
29%
1964 Charley Smith
25%
1997 Todd Hundley
25%
1996 Todd Hundley
25%
2017 Jay Bruce
24%
1962 Frank Thomas
20%
1983 George Foster
16%
1977 John Stearns
16%
1980 Lee Mazzilli
15%
1965 Ron Swoboda
15%
John Milner
13%
1974 John Milner
13%
1973 John Milner
13%
1972 John Milner
13%
1978 Willie Montañez
11%
Jeromy Burnitz
9%
2013 Marlon Byrd
9%
1968 Ed Charles
7%
2004 Mike Cameron
7%
1995 Rico Brogna
7%
1963 Jim Hickman
5%
1979 Joel Youngblood
5%
No matching quizzes found
Score Distribution
Percent of People with Each Score
Percentile by Number Answered
Your Score History
You have not taken this quiz since the last reset